000 00700nam a2200241Ia 4500
003 OSt
005 20221005122629.0
006 a|||||r|||| 00| 0
007 ta
008 221004b |||||||| |||| 00| 0 san d
024 _a62000
037 _cTextual
040 _aCRL
_cCRL
_bsan
041 _2san
_asan
082 _aS:5xD30:1, 15F9
100 _aVatsyayana Muni
_9632309
245 0 _aKamasutra with the comm. Jayamangata of Yashodhar ed by Gosvami Damodara Sastri
260 _c1929
490 _aKashi sanskrit series, Haridas sanskrit granthamala, 29
650 _aPSYCHOLOGY
942 _hS:5xD30:1, 15F9
_cTEXL
_2cc
999 _c1044881
_d1044881